[Event "8th HD Bank Cup 2018"]
[Site "Hanoi VIE"]
[Date "2018.03.15"]
[Round "9.1"]
[White "Le, Tuan Minh"]
[Black "Karthikeyan, Murali"]
[Result "1/2-1/2"]
[WhiteTitle "IM"]
[BlackTitle "GM"]
[WhiteElo "2489"]
[BlackElo "2592"]
[WhiteFideId "12401153"]
[BlackFideId "5074452"]
[EventDate "2018.03.10"]

1. d4 Nf6 2. Nf3 g6 3. Bg5 Bg7 4. Nbd2 d5 5. e3 O-O 6. c3 c5 7. Bd3 Qb6 8. Qb1
cxd4 9. exd4 Qe6+ 10. Kf1 h6 11. Bh4 Nh5 12. Qc2 Nf4 13. Bg3 Nxd3 14. Qxd3 Qb6
15. Qc2 Nc6 16. Qb3 Qxb3 17. Nxb3 f6 18. Re1 b6 19. Kg1 Bd7 20. h3 a5 21. a3
Rfe8 22. Kh2 Rac8 23. Re2 a4 24. Na1 e5 25. dxe5 fxe5 26. Nc2 Bf5 27. Rd1 d4 28.
cxd4 exd4 29. Red2 d3 30. Ne3 Be4 31. Ne1 Nd4 32. f3 Bxf3 33. Nxf3 Nxf3+ 34.
gxf3 Rxe3 35. Rxd3 Rxd3 36. Rxd3 Rc2+ 37. Kh1 Bxb2 38. Rd6 Kf7 39. Rxb6 Bxa3 40.
Ra6 Rc4 41. Be5 Be7 42. f4 a3 43. Kg2 Rc2+ 44. Kf3 Rh2 45. f5 Rxh3+ 46. Kg2 Rh5
47. fxg6+ Kg8 48. Ra8+ Bf8 49. Bd6 1/2-1/2

[Event "8th HD Bank Cup 2018"]
[Site "Hanoi VIE"]
[Date "2018.03.15"]
[Round "9.2"]
[White "Mareco, Sandro"]
[Black "Krysa, Leandro"]
[Result "1-0"]
[WhiteTitle "GM"]
[BlackTitle "GM"]
[WhiteElo "2635"]
[BlackElo "2548"]
[WhiteFideId "112275"]
[BlackFideId "116807"]
[EventDate "2018.03.10"]

1. Nf3 Nf6 2. c4 c5 3. b3 g6 4. Bb2 Bg7 5. g3 d6 6. Bg2 e5 7. O-O O-O 8. Nc3 Nc6
9. d3 h6 10. a3 Be6 11. Nd2 Qd7 12. Nd5 Rab8 13. b4 b5 14. Bc3 bxc4 15. dxc4
cxb4 16. Nxf6+ Bxf6 17. axb4 Nxb4 18. Qa4 Qxa4 19. Rxa4 a5 20. Rxa5 Rfc8 21. Rb1
Nc6 22. Rab5 Rxb5 23. cxb5 Nd8 24. Ne4 Bg7 25. Ba5 d5 26. Nd6 Ra8 27. Bc7 e4 28.
b6 Be5 29. Nxe4 dxe4 30. Bxe5 Bd5 31. Bf6 Ne6 32. f3 exf3 33. Bxf3 Bxf3 34. exf3
Rb8 35. f4 g5 36. b7 Nc5 37. Rb5 Nd7 38. Bd4 gxf4 39. Ba7 Re8 40. gxf4 Re4 41.
Rd5 1-0

[Event "8th HD Bank Cup 2018"]
[Site "Hanoi VIE"]
[Date "2018.03.15"]
[Round "9.3"]
[White "Pichot, Alan"]
[Black "Gordievsky, Dmitry"]
[Result "1-0"]
[WhiteTitle "GM"]
[BlackTitle "GM"]
[WhiteElo "2558"]
[BlackElo "2630"]
[WhiteFideId "110973"]
[BlackFideId "24112798"]
[EventDate "2018.03.10"]

1. e4 c5 2. Nf3 e6 3. d4 cxd4 4. Nxd4 a6 5. c4 Nf6 6. Nc3 Qc7 7. Be2 Bb4 8. O-O
O-O 9. Qc2 Nc6 10. Nxc6 dxc6 11. Be3 b5 12. f4 e5 13. f5 Qe7 14. Kh1 Bc5 15. Bg5
Bb7 16. g4 h6 17. Bd2 Nh7 18. Rf3 Rad8 19. Raf1 Qf6 20. Rg3 Bd4 21. a3 Rd7 22.
Kg2 Rfd8 23. Bc1 Bxc3 24. bxc3 c5 25. cxb5 Ng5 26. Re3 c4 27. bxa6 Qxa6 28. h4
Nh7 29. Kh3 Rd6 30. Qb1 Qc6 31. Qb4 Ba6 32. Qa5 Re8 33. Rd1 Rxd1 34. Bxd1 Qd6
35. Bc2 Nf6 36. Re1 Bb7 37. Qb4 Qc7 38. g5 hxg5 39. Bxg5 Nh5 40. Qb5 Rb8 41. Rb1
Nf4+ 42. Kg4 f6 43. Bxf4 exf4 44. Qb6 Qxb6 45. Rxb6 f3 46. Kg3 f2 47. Kxf2 Rd8
48. Ke3 1-0

[Event "8th HD Bank Cup 2018"]
[Site "Hanoi VIE"]
[Date "2018.03.15"]
[Round "9.4"]
[White "Le, Quang Liem"]
[Black "Sivuk, Vitaly"]
[Result "1-0"]
[WhiteTitle "GM"]
[BlackTitle "GM"]
[WhiteElo "2736"]
[BlackElo "2526"]
[WhiteFideId "12401137"]
[BlackFideId "14116502"]
[EventDate "2018.03.10"]

1. d4 Nf6 2. c4 g6 3. Nc3 Bg7 4. e4 d6 5. Nge2 O-O 6. Ng3 c5 7. d5 e6 8. Be2
exd5 9. cxd5 a6 10. a4 h5 11. Bg5 Qc7 12. Qd2 Nbd7 13. O-O Rb8 14. f4 Nh7 15.
Bh4 c4 16. Kh1 b5 17. axb5 axb5 18. b4 Ndf6 19. Ra5 Bd7 20. Rfa1 Rfe8 21. Ra7
Rb7 22. R7a6 Rb6 23. h3 Kh8 24. Bf3 Ng8 25. Nge2 Nh6 26. Nd4 f5 27. Bf2 Rbb8 28.
Ra7 Qc8 29. R1a6 Nf6 30. e5 dxe5 31. fxe5 Nfg4 32. hxg4 fxg4 33. Rxg6 gxf3 34.
Rxh6+ Kg8 35. e6 fxg2+ 36. Kxg2 1-0

[Event "8th HD Bank Cup 2018"]
[Site "Hanoi VIE"]
[Date "2018.03.15"]
[Round "9.6"]
[White "Tran, Minh Thang"]
[Black "Nguyen, Ngoc Truong Son"]
[Result "1/2-1/2"]
[WhiteTitle "IM"]
[BlackTitle "GM"]
[WhiteElo "2366"]
[BlackElo "2630"]
[WhiteFideId "12401080"]
[BlackFideId "12401110"]
[EventDate "2018.03.10"]

1. d4 d5 2. c4 e6 3. Nc3 Nf6 4. cxd5 exd5 5. Bg5 c6 6. Qc2 Be6 7. e3 Nbd7 8. Bd3
h6 9. Bh4 Bd6 10. Nge2 a6 11. Bg3 Bxg3 12. Nxg3 O-O 13. O-O Ne8 14. Nce2 Nd6 15.
Nf4 Re8 16. Rac1 Rc8 17. Qd2 Nf6 18. f3 Qb6 19. Qf2 Re7 20. Ngh5 Nde8 1/2-1/2

[Event "8th HD Bank Cup 2018"]
[Site "Hanoi VIE"]
[Date "2018.03.15"]
[Round "9.7"]
[White "Zou, Chen"]
[Black "Wen, Yang"]
[Result "0-1"]
[WhiteTitle "FM"]
[BlackTitle "GM"]
[WhiteElo "2291"]
[BlackElo "2608"]
[WhiteFideId "8610959"]
[BlackFideId "8602956"]
[EventDate "2018.03.10"]

1. e4 d6 2. d4 g6 3. Nc3 Bg7 4. Be3 a6 5. a4 Nf6 6. Be2 O-O 7. g4 Nc6 8. g5 Ne8
9. h4 e5 10. dxe5 Be6 11. Nd5 dxe5 12. Ra3 Nd6 13. Rd3 Nd4 14. c3 Bxd5 15. exd5
N4f5 16. Bc1 e4 17. Rdh3 e3 18. Bxe3 Re8 19. Bc1 Ne4 20. Kf1 Re5 21. c4 c6 22.
Nf3 Qb6 23. R1h2 Ree8 24. h5 Rad8 25. hxg6 hxg6 26. b3 cxd5 27. Qc2 Qc6 28. Bb2
d4 29. Bd3 Re6 30. Bc1 Rde8 31. Kg2 Qd6 32. Qd1 a5 33. Qh1 Kf8 34. Qd1 b6 35.
Qc2 Kg8 36. Qd1 Kf8 37. Qc2 Qc6 38. Ba3+ Kg8 39. Qc1 Nc5 40. Bxf5 gxf5 41. Qh1
Kf8 42. Rh7 Rg6 43. R2h5 Re4 44. Qh3 Rg4+ 45. Kh2 Qe4 46. Rxg7 Rxg7 47. Bb2 Ne6
48. Ba3+ Ke8 49. Bd6 Kd7 50. Ba3 0-1

[Event "8th HD Bank Cup 2018"]
[Site "Hanoi VIE"]
[Date "2018.03.15"]
[Round "9.8"]
[White "Zhao, Jun"]
[Black "Xu, Yi"]
[Result "1/2-1/2"]
[WhiteTitle "GM"]
[BlackTitle "IM"]
[WhiteElo "2599"]
[BlackElo "2499"]
[WhiteFideId "8602522"]
[BlackFideId "8605564"]
[EventDate "2018.03.10"]

1. e4 e5 2. Nf3 Nc6 3. Bb5 a6 4. Ba4 Nf6 5. d3 b5 6. Bb3 Be7 7. a4 Rb8 8. O-O
O-O 9. axb5 axb5 10. Re1 d6 11. Nbd2 Bd7 12. Nf1 Ra8 13. Rxa8 Qxa8 14. c3 Na5
15. Bc2 c5 16. Ne3 Nc6 17. h3 Re8 18. Bd2 h6 19. Bb3 Na5 20. Bc2 Nc6 21. Bb3 Na5
22. Bc2 1/2-1/2

[Event "8th HD Bank Cup 2018"]
[Site "Hanoi VIE"]
[Date "2018.03.15"]
[Round "9.9"]
[White "Lei, Tingjie"]
[Black "Tran, Tuan Minh"]
[Result "0-1"]
[WhiteTitle "GM"]
[BlackTitle "GM"]
[WhiteElo "2545"]
[BlackElo "2522"]
[WhiteFideId "8605114"]
[BlackFideId "12401820"]
[EventDate "2018.03.10"]

1. e4 c5 2. Nf3 d6 3. d4 cxd4 4. Nxd4 Nf6 5. Nc3 a6 6. h4 e5 7. Nb3 Be6 8. f4
exf4 9. Bxf4 Nc6 10. Qd2 Be7 11. O-O-O Qb6 12. Nd5 Bxd5 13. exd5 Ne5 14. g3 O-O
15. Bh3 Rfe8 16. Rhe1 Bf8 17. Qc3 a5 18. a4 g6 19. Kb1 h5 20. Be3 Qb4 21. Qxb4
axb4 22. Bf4 Rxa4 23. Bxe5 dxe5 24. d6 Rd8 25. d7 e4 26. Bg2 Rxd7 27. Rxd7 Nxd7
28. Bxe4 Ra7 29. Rd1 b6 30. Bc6 Ne5 31. Bb5 Kg7 32. Rd5 Re7 33. Rd6 Rb7 34. Rd5
Ng4 35. Nd2 Re7 36. Nc4 Re1+ 37. Ka2 Ne3 38. Rd7 Nxc2 39. Nxb6 Re3 40. Bc4 b3+
41. Bxb3 Nb4+ 42. Ka3 Nd3+ 0-1

[Event "8th HD Bank Cup 2018"]
[Site "Hanoi VIE"]
[Date "2018.03.15"]
[Round "9.10"]
[White "Nguyen, Anh Khoi"]
[Black "Rozum, Ivan"]
[Result "0-1"]
[WhiteTitle "IM"]
[BlackTitle "GM"]
[WhiteElo "2435"]
[BlackElo "2582"]
[WhiteFideId "12404675"]
[BlackFideId "24104272"]
[EventDate "2018.03.10"]

1. d4 g6 2. c4 Bg7 3. e4 Nc6 4. Ne2 e5 5. d5 Nd4 6. Nxd4 exd4 7. Bd3 d6 8. O-O
Nf6 9. Nd2 O-O 10. b4 a5 11. bxa5 c5 12. dxc6 bxc6 13. c5 dxc5 14. Nb3 Nd7 15.
f4 Ba6 16. Bxa6 Rxa6 17. Qd3 Ra8 18. Bd2 Re8 19. Rac1 Bf8 20. Rfe1 Qb8 21. Qh3
Ra7 22. e5 Re6 23. Rf1 Qb5 24. Rf2 Re8 25. Be1 Qa4 26. Rfc2 Rb7 27. Bf2 Qb5 28.
Qf3 Rbb8 29. h4 Rbd8 30. h5 d3 31. Rc3 c4 32. Nd4 Qd5 33. hxg6 hxg6 34. Nxc6
Qxf3 35. gxf3 Rc8 36. Na7 Bb4 37. Rxc4 Rxc4 38. Rxc4 d2 39. Rd4 Nc5 40. Nc6 Bc3
41. Rd5 Ne6 42. Rd3 Nxf4 43. Rd6 Bd4 0-1

[Event "8th HD Bank Cup 2018"]
[Site "Hanoi VIE"]
[Date "2018.03.15"]
[Round "9.11"]
[White "Vishnu Prasanna, V"]
[Black "Li, Yankai"]
[Result "0-1"]
[WhiteTitle "GM"]
[WhiteElo "2526"]
[BlackElo "2434"]
[WhiteFideId "5030692"]
[BlackFideId "8609357"]
[EventDate "2018.03.10"]

1. e4 e5 2. Nf3 Nc6 3. Bb5 a6 4. Ba4 Nf6 5. O-O b5 6. Bb3 Bc5 7. a4 Rb8 8. c3 d6
9. d4 Bb6 10. a5 Ba7 11. h3 O-O 12. Be3 exd4 13. cxd4 Nxe4 14. Qc2 Qe8 15. Bd5
Nb4 16. Qxe4 Qxe4 17. Bxe4 f5 18. Nc3 fxe4 19. Nxe4 Bb7 20. Ned2 c5 21. dxc5 Nc2
22. c6 Nxe3 23. Rfc1 Ba8 24. fxe3 Bxe3+ 25. Kh1 Rbc8 26. Rc3 Bxd2 27. Nxd2 Rxc6
28. Rxc6 Bxc6 29. Kg1 Rf5 30. Rc1 Rc5 31. Rxc5 dxc5 32. Nb3 c4 33. Nc5 b4 34.
Kf2 b3 0-1

[Event "8th HD Bank Cup 2018"]
[Site "Hanoi VIE"]
[Date "2018.03.15"]
[Round "9.12"]
[White "Saduakassova, Dinara"]
[Black "Llaneza Vega, Marcos"]
[Result "1-0"]
[WhiteTitle "IM"]
[BlackTitle "IM"]
[WhiteElo "2479"]
[BlackElo "2430"]
[WhiteFideId "13700090"]
[BlackFideId "2253585"]
[EventDate "2018.03.10"]

1. d4 Nf6 2. c4 g6 3. g3 Bg7 4. Bg2 O-O 5. Nc3 d6 6. Nf3 c6 7. O-O Qb6 8. b3 Qa5
9. Qd2 Qh5 10. Qg5 Qxg5 11. Bxg5 a5 12. Rac1 Re8 13. Rfd1 Bf5 14. Nh4 Bd7 15. e4
Bg4 16. Rd2 e5 17. h3 Be6 18. Nf3 a4 19. Bxf6 Bxf6 20. Nxa4 Na6 21. Nb6 Rad8 22.
d5 Bd7 23. Re1 c5 24. a3 Nc7 25. b4 Na8 26. Nxd7 Rxd7 27. bxc5 dxc5 28. Rb1 b6
29. Ne1 Ra7 30. Rb3 Rd8 31. Nd3 Ra4 32. Rc2 Bg7 33. f4 f6 34. Bf3 Kf8 35. Bg4
Rd6 36. fxe5 fxe5 37. Be6 Ke8 38. Rf2 Nc7 39. Bf7+ Kd8 40. Nb2 Ra7 41. Bg8 Ne8
42. Bxh7 Bh6 43. Bg8 Nf6 44. Be6 Nxe4 45. Re2 Ng5 46. Rxe5 Re7 47. Na4 Kc7 48.
Nc3 Nf3+ 49. Kg2 Nxe5 50. Nb5+ Kd8 51. Nxd6 Kc7 52. Nb5+ Kb7 53. Rc3 Kb8 54. Rc2
Bg7 55. h4 Re8 56. a4 Bh6 57. Nd6 Rf8 58. Re2 Bg7 59. Re4 Kc7 60. Nb5+ Kd8 61.
d6 Re8 62. Bh3 Rf8 63. Nc7 1-0

[Event "8th HD Bank Cup 2018"]
[Site "Hanoi VIE"]
[Date "2018.03.15"]
[Round "9.13"]
[White "Raghunandan, Kaumandur Srihari"]
[Black "Santiago, Yago De Moura"]
[Result "1-0"]
[WhiteTitle "IM"]
[BlackTitle "GM"]
[WhiteElo "2412"]
[BlackElo "2473"]
[WhiteFideId "25004964"]
[BlackFideId "2103877"]
[EventDate "2018.03.10"]

1. e4 e6 2. d4 d5 3. Nc3 Nf6 4. e5 Nfd7 5. f4 c5 6. Nf3 Nc6 7. Be3 Be7 8. Qd2
O-O 9. dxc5 Qa5 10. g3 Nxc5 11. Nd4 Nxd4 12. Bxd4 Rd8 13. a3 Qc7 14. Bg2 Bf8 15.
O-O b6 16. b4 Nd7 17. Nb5 Qc4 18. Qd3 Qxd3 19. cxd3 Ba6 20. Nc7 Bxd3 21. Nxa8
Bxf1 22. Bxf1 Rxa8 23. Bb5 Rd8 24. Rc1 Nb8 25. Kf2 h6 26. h4 g5 27. h5 gxf4 28.
gxf4 Be7 29. Kg3 Bf8 30. f5 exf5 31. Kf4 Be7 32. Kxf5 Bg5 33. Rc7 a6 34. Bd3 b5
35. e6 fxe6+ 36. Kxe6 Re8+ 37. Kf5 Bd8 38. Rg7+ Kf8 39. Rh7 Nc6 40. Bc5+ Kg8 41.
Rxh6 Re5+ 42. Kg4 Rg5+ 43. Kf4 Ne5 44. Bf5 Kg7 45. Rxa6 Nf7 46. h6+ 1-0

[Event "8th HD Bank Cup 2018"]
[Site "Hanoi VIE"]
[Date "2018.03.15"]
[Round "9.14"]
[White "Karthikeyan, P."]
[Black "Bui, Vinh"]
[Result "1/2-1/2"]
[WhiteTitle "IM"]
[BlackTitle "GM"]
[WhiteElo "2473"]
[BlackElo "2400"]
[WhiteFideId "5018226"]
[BlackFideId "12400726"]
[EventDate "2018.03.10"]

1. d4 d5 2. c4 c6 3. Nc3 Nf6 4. e3 a6 5. Qc2 g6 6. Bd3 Bg7 7. Nf3 O-O 8. O-O b5
9. b3 Nbd7 10. e4 bxc4 11. bxc4 dxe4 12. Nxe4 c5 13. Be3 Ng4 14. Rad1 Nxe3 15.
fxe3 Qc7 16. Qf2 cxd4 17. exd4 Nf6 18. Qh4 Bf5 19. Nfg5 Bxe4 20. Rxf6 h6 21.
Rxf7 Bxd4+ 22. Kh1 Bxd3 23. Qxd4 Rxf7 24. Nxf7 Qxc4 25. Qh8+ Kxf7 26. Qxa8 Be4
27. Qd8 Bxg2+ 28. Kxg2 Qe2+ 29. Kg1 Qe3+ 1/2-1/2

[Event "8th HD Bank Cup 2018"]
[Site "Hanoi VIE"]
[Date "2018.03.15"]
[Round "9.15"]
[White "Liu, Guanchu"]
[Black "Hoang, Canh Huan"]
[Result "1-0"]
[WhiteTitle "IM"]
[BlackTitle "FM"]
[WhiteElo "2460"]
[BlackElo "2402"]
[WhiteFideId "8603901"]
[BlackFideId "12400599"]
[EventDate "2018.03.10"]

1. e4 Nf6 2. e5 Nd5 3. c4 Nb6 4. d4 d6 5. exd6 cxd6 6. Nc3 g6 7. Be3 Bg7 8. Rc1
O-O 9. b3 e5 10. dxe5 dxe5 11. Qxd8 Rxd8 12. c5 N6d7 13. Bc4 Nc6 14. Nf3 Na5 15.
Be2 h6 16. O-O Nc6 17. Rfd1 f5 18. Nb5 f4 19. Bd2 e4 20. Nc7 Rb8 21. Ne1 g5 22.
Ne6 Re8 23. Nxg7 Kxg7 24. Bc3+ Nf6 25. Nc2 Be6 26. Na3 Kg6 27. Nb5 Bg4 28. Rd6
Bxe2 29. Rxf6+ Kh7 30. Nd6 Rf8 31. Re6 e3 32. fxe3 f3 33. Kf2 g4 34. Ne4 Nd8 35.
Re7+ Nf7 36. h3 Bd3 37. Nf6+ Kg6 38. gxf3 gxf3 39. h4 Ng5 40. hxg5 hxg5 41. Nd7 1-0

[Event "8th HD Bank Cup 2018"]
[Site "Hanoi VIE"]
[Date "2018.03.15"]
[Round "9.16"]
[White "Nguyen, Van Huy"]
[Black "Cao, Sang"]
[Result "1-0"]
[WhiteTitle "IM"]
[BlackTitle "GM"]
[WhiteElo "2454"]
[BlackElo "2381"]
[WhiteFideId "12401064"]
[BlackFideId "725056"]
[EventDate "2018.03.10"]

1. d4 Nf6 2. c4 c5 3. d5 b5 4. Nf3 d6 5. Qc2 g6 6. e4 bxc4 7. Bxc4 Bg7 8. O-O
O-O 9. Nc3 Nbd7 10. h3 Nb6 11. Be2 e6 12. dxe6 Bxe6 13. Be3 Qe7 14. Rfd1 Rfd8
15. Rac1 Rac8 16. b3 c4 17. b4 Nfd7 18. Nd4 Ne5 19. b5 d5 20. f4 Nd3 21. Bxd3
cxd3 22. Qxd3 dxe4 23. Nc6 Rxd3 24. Nxe7+ Kf8 25. Nxc8 Rxe3 26. Rd8# 1-0

[Event "8th HD Bank Cup 2018"]
[Site "Hanoi VIE"]
[Date "2018.03.15"]
[Round "9.17"]
[White "Raja, Harshit"]
[Black "Chen, Qi b"]
[Result "0-1"]
[WhiteTitle "IM"]
[WhiteElo "2444"]
[BlackElo "2359"]
[WhiteFideId "5089000"]
[BlackFideId "8614733"]
[EventDate "2018.03.10"]

1. e4 e5 2. Nf3 Nc6 3. Bc4 Bc5 4. c3 Nf6 5. d3 d6 6. O-O O-O 7. Bg5 h6 8. Bh4 g5
9. Nxg5 hxg5 10. Bxg5 Kg7 11. b4 Bb6 12. Qf3 Rh8 13. a4 a5 14. b5 Nb8 15. Na3
Nbd7 16. Nc2 Nf8 17. h4 N8h7 18. d4 Be6 19. Bxe6 fxe6 20. Be3 Nf8 21. Bg5 N8h7
22. Be3 exd4 23. Nxd4 Bxd4 24. cxd4 Rf8 25. e5 Nd5 26. Qg4+ Kh8 27. Qxe6 Nxe3
28. fxe3 Qxh4 29. b6 Ng5 30. Qd7 Nf3+ 31. Rxf3 Rxf3 32. gxf3 Rg8+ 33. Kf1 Qh2
34. Qg4 Rxg4 35. fxg4 cxb6 36. Ra2 0-1

[Event "8th HD Bank Cup 2018"]
[Site "Hanoi VIE"]
[Date "2018.03.15"]
[Round "9.18"]
[White "Mithil, Ajgaonkar"]
[Black "Czebe, Attila"]
[Result "1-0"]
[BlackTitle "GM"]
[WhiteElo "2222"]
[BlackElo "2436"]
[WhiteFideId "5017343"]
[BlackFideId "705268"]
[EventDate "2018.03.10"]

1. d4 e6 2. c4 b6 3. a3 g6 4. Nf3 Bg7 5. g3 Ne7 6. h4 Bb7 7. Bg2 c5 8. d5 exd5
9. Ng5 b5 10. cxd5 d6 11. Nc3 a6 12. Nge4 O-O 13. Bf4 b4 14. axb4 cxb4 15. Na2
Nxd5 16. Bxd6 Re8 17. Nc5 Ne3 18. Nxb7 Nxg2+ 19. Kf1 Qb6 20. Qd5 Ra7 21. Na5 Rd7
22. Nc4 Qb5 23. Nxb4 Qxb4 24. Bxb4 Rxd5 25. Kxg2 Nc6 26. Bc3 Bxc3 27. bxc3 a5
28. Ne3 Rc5 29. Ra3 Rb8 30. Rc1 Rb2 31. Rc2 Rb1 32. Rd2 Re1 33. c4 Nb4 34. Rd8+
Kg7 35. Ra8 Rxe2 36. R8xa5 Rxa5 37. Rxa5 Nd3 38. Rd5 Nxf2 39. Kf3 Ra2 40. c5 f5
41. c6 Ne4 42. Rd7+ Kh6 43. Ng4+ fxg4+ 44. Kxe4 Rc2 45. c7 g5 46. hxg5+ Kxg5 47.
Rxh7 Kf6 48. Kd5 Kf5 49. Rf7+ Kg6 50. Re7 Rd2+ 51. Ke6 1-0

[Event "8th HD Bank Cup 2018"]
[Site "Hanoi VIE"]
[Date "2018.03.15"]
[Round "9.19"]
[White "Aravindh, Chithambaram VR."]
[Black "Pham, Chuong"]
[Result "1-0"]
[WhiteTitle "GM"]
[BlackTitle "IM"]
[WhiteElo "2617"]
[BlackElo "2393"]
[WhiteFideId "5072786"]
[BlackFideId "12401218"]
[EventDate "2018.03.10"]

1. Nf3 Nf6 2. b3 d5 3. Bb2 e6 4. Rg1 b6 5. g4 Bb7 6. e3 Rg8 7. a4 a6 8. g5 Nfd7
9. c4 dxc4 10. Bxc4 Nc6 11. d4 Bb4+ 12. Nc3 Na5 13. Bd3 c5 14. Kf1 Nxb3 15. Qxb3
Bxf3 16. Bxh7 Rh8 17. Be4 Bxe4 18. Nxe4 Rh4 19. f4 Rxh2 20. Rg2 Rh3 21. g6 Qh4
22. gxf7+ Ke7 23. Ng5 Rh1+ 24. Ke2 Re1+ 25. Kd3 Nf8 26. Qc2 Rxa1 27. Bxa1 Qe1
28. Bb2 Qf1+ 29. Ke4 Nd7 30. d5 c4 31. dxe6 Nc5+ 32. Kf5 c3 33. Bxc3 Bxc3 34.
Qxc3 Qxg2 35. Qxg7 Qd5+ 36. Kg6 Kd6 37. e7 Qd3+ 38. e4 Nxe4 39. Qe5+ 1-0

[Event "8th HD Bank Cup 2018"]
[Site "Hanoi VIE"]
[Date "2018.03.15"]
[Round "9.20"]
[White "Deepan, Chakkravarthy J."]
[Black "Tu, Hoang Thong"]
[Result "0-1"]
[WhiteTitle "GM"]
[BlackTitle "GM"]
[WhiteElo "2520"]
[BlackElo "2414"]
[WhiteFideId "5011132"]
[BlackFideId "12400076"]
[EventDate "2018.03.10"]

1. d4 f5 2. g3 Nf6 3. Bg2 e6 4. Nh3 Be7 5. O-O O-O 6. c4 d6 7. Nc3 e5 8. Nd5
Nxd5 9. cxd5 Nd7 10. Be3 Nb6 11. Qb3 Kh8 12. Rac1 Bd7 13. dxe5 dxe5 14. Bc5 Bd6
15. Bxd6 cxd6 16. Qb4 Qf6 17. Rc7 f4 18. Rxb7 Qh6 19. a4 Bc8 20. a5 Bxb7 21.
axb6 axb6 22. Kh1 fxg3 23. hxg3 Ba6 24. Qe4 Rf6 25. Ra1 Rff8 26. Kh2 Qd2 27. Bf3
h6 28. Kg2 Bb7 29. Rh1 Rf6 30. b4 b5 31. Rb1 Raf8 32. Rb3 Rc8 33. Rd3 Qe1 34.
Ra3 Rc4 35. Qe3 Qxb4 36. Ra7 Rf7 37. Qb6 Rcc7 38. Ra5 Qc5 39. Rxb5 Qxb6 40. Rxb6
Rfd7 41. e4 Rd8 42. Bh5 Kg8 43. Ng1 Bc8 44. Nf3 g5 45. Nh2 Rc4 46. Bf3 Kf8 47.
g4 Ke7 48. Nf1 Rc7 49. Ne3 Bd7 50. Be2 Ra8 51. Bb5 Bc8 52. Nc4 Rb7 53. Rxd6 Rxb5
54. Rxh6 Rb4 55. Nxe5 Rxe4 56. d6+ Kf8 57. d7 Bb7 58. Rh8+ Kg7 59. Rxa8 Rd4+ 0-1

[Event "8th HD Bank Cup 2018"]
[Site "Hanoi VIE"]
[Date "2018.03.15"]
[Round "9.21"]
[White "Kathmale, Sameer"]
[Black "Pena Gomez, Manuel"]
[Result "0-1"]
[WhiteTitle "IM"]
[BlackTitle "IM"]
[WhiteElo "2320"]
[BlackElo "2478"]
[WhiteFideId "5024498"]
[BlackFideId "2252813"]
[EventDate "2018.03.10"]

1. e4 c5 2. Nf3 d6 3. d4 cxd4 4. Nxd4 Nf6 5. Nc3 a6 6. h3 e5 7. Nde2 h5 8. Bg5
Be7 9. g3 Nbd7 10. Bg2 b5 11. a3 Bb7 12. Qd2 Rc8 13. O-O Nb6 14. b3 Qc7 15. Rad1
Nbd7 16. Rc1 Qc5 17. a4 b4 18. Nd5 Nxd5 19. exd5 Bxg5 20. Qxg5 O-O 21. c4 bxc3
22. Qe7 Rfd8 23. Rxc3 Qb4 24. Rc4 Qxb3 25. Qh4 Nf6 26. Rb4 Qc2 27. Rxb7 Qxe2 28.
Qb4 Qd3 29. Rb6 e4 30. Qa5 Nxd5 31. Rxa6 Nc3 32. Rc6 Ne2+ 33. Kh2 d5 34. Rc5 h4
35. gxh4 0-1

[Event "8th HD Bank Cup 2018"]
[Site "Hanoi VIE"]
[Date "2018.03.15"]
[Round "9.22"]
[White "Sammed Jaykumar, Shete"]
[Black "Dao, Thien Hai"]
[Result "0-1"]
[BlackTitle "GM"]
[WhiteElo "2382"]
[BlackElo "2474"]
[WhiteFideId "5073421"]
[BlackFideId "12400084"]
[EventDate "2018.03.10"]

1. e4 c5 2. Nf3 d6 3. d4 cxd4 4. Nxd4 Nf6 5. Nc3 a6 6. h3 e6 7. g4 d5 8. Nde2
Bb4 9. exd5 Nxd5 10. Bg2 Qc7 11. Bd2 Nxc3 12. Nxc3 Bd7 13. Ne4 Bxd2+ 14. Qxd2
O-O 15. O-O-O Bc6 16. Rhg1 Nd7 17. f4 Rad8 18. Qf2 Bxe4 19. Bxe4 Qc4 20. Bd3
Qxa2 21. c3 Qa5 22. Qh4 g6 23. Kb1 Rfe8 24. Bc2 Nf8 25. f5 Rxd1+ 26. Rxd1 exf5
27. gxf5 Qe5 28. Qg4 Qf6 29. h4 Kg7 30. Rg1 Re7 31. h5 g5 32. Qxg5+ Qxg5 33.
Rxg5+ Kh6 34. Rg1 Nd7 35. b4 f6 36. Kb2 Kxh5 37. Bb3 Kh4 38. c4 Ne5 39. c5 Nc6
40. Rd1 Kg5 41. Be6 Nxb4 42. Kc3 Nc6 43. Kc4 h5 44. Kd5 h4 45. Kd6 Rh7 46. Rg1+
Kf4 47. Rf1+ Kg3 48. Bd5 h3 49. Ke6 Rh6 50. Kf7 Nb4 51. Bh1 Nd3 52. Kg7 Rh4 53.
Bxb7 Nxc5 54. Bc6 Rf4 55. Rg1+ Kf2 56. Rh1 Rh4 57. Kxf6 Rh6+ 58. Kg7 Rxc6 59.
Rxh3 Ne4 60. Ra3 Ke2 61. Kf7 Kd2 62. Ke7 Nf6 63. Kf7 Kc2 64. Rg3 Ne4 65. Rg2+
Kd3 0-1

[Event "8th HD Bank Cup 2018"]
[Site "Hanoi VIE"]
[Date "2018.03.15"]
[Round "9.23"]
[White "Nguyen, Duc Hoa"]
[Black "Zhang, Ziji"]
[Result "1/2-1/2"]
[WhiteTitle "GM"]
[WhiteElo "2463"]
[BlackElo "2374"]
[WhiteFideId "12401358"]
[BlackFideId "8609470"]
[EventDate "2018.03.10"]

1. d4 d5 2. c4 e6 3. Nf3 Nf6 4. Nc3 Be7 5. Bf4 O-O 6. e3 Nbd7 7. a3 c5 8. cxd5
Nxd5 9. Nxd5 exd5 10. dxc5 Nxc5 11. Be5 Bf5 12. Be2 Bf6 13. Bxf6 Qxf6 14. Nd4
Be4 15. O-O Ne6 16. Rc1 Rac8 17. Qd2 Nxd4 18. Qxd4 Qxd4 19. exd4 Rfd8 20. f3 Bf5
21. Kf2 Kf8 22. g4 Rxc1 23. Rxc1 Rc8 24. Rc5 Be6 25. Bd3 b6 26. Rxc8+ Bxc8 27.
g5 f6 28. h4 fxg5 29. hxg5 h6 30. f4 hxg5 31. fxg5 1/2-1/2

[Event "8th HD Bank Cup 2018"]
[Site "Hanoi VIE"]
[Date "2018.03.15"]
[Round "9.24"]
[White "Harsha, Bharathakoti"]
[Black "Kulkarni, Bhakti"]
[Result "0-1"]
[WhiteTitle "IM"]
[BlackTitle "CM"]
[WhiteElo "2443"]
[BlackElo "2275"]
[WhiteFideId "5078776"]
[BlackFideId "5019516"]
[EventDate "2018.03.10"]

1. d4 d5 2. c4 e6 3. Nf3 Nf6 4. g3 dxc4 5. Bg2 a6 6. O-O Nc6 7. e3 Rb8 8. Nfd2
Nd5 9. Nxc4 b5 10. Ncd2 Bb7 11. b3 Ncb4 12. a3 Nd3 13. Ne4 Nxc1 14. Qxc1 h5 15.
Nc5 Ba8 16. Nxa6 Rc8 17. Nc3 Nxc3 18. Qxc3 Bxg2 19. Kxg2 Qd5+ 20. f3 Bd6 21. Nb4
Qg5 22. e4 c5 23. Nd3 O-O 24. dxc5 Bxc5 25. f4 Qe7 26. Nxc5 Rxc5 27. Qb4 Qc7 28.
Rf2 Rd8 29. Raa2 Rd1 30. a4 bxa4 31. bxa4 Rc4 32. Qb3 Rdd4 33. e5 h4 34. a5 Rc3
35. Qb6 Qc4 36. Qb8+ Kh7 37. Qb1+ Rdd3 38. gxh4 Qe4+ 39. Kg1 Rg3+ 40. hxg3 Qxb1+ 0-1